Devchaphe (Record no. 370724)

MARC details
000 -LEADER
fixed length control field 00371nam a22001457a 4500
005 - DATE AND TIME OF LATEST TRANSACTION
control field 20260313114511.0
008 - FIXED-LENGTH DATA ELEMENTS--GENERAL INFORMATION
fixed length control field 260313b |||||||| |||| 00| 0 eng d
082 ## - DEWEY DECIMAL CLASSIFICATION NUMBER
Classification number 891
Item number BHI.
100 ## - MAIN ENTRY--PERSONAL NAME
Author Bhishikar S.
245 ## - TITLE STATEMENT
Title Devchaphe
260 ## - PUBLICATION, DISTRIBUTION, ETC.
Place of publication, distribution, etc. Pune
Name of publisher, distributor, etc. Shree J Printers PV. Ltd.
300 ## - PHYSICAL DESCRIPTION
Extent 100p
Other physical details PB
Dimensions 21.5 x 13.5 cm
365 ## - TRADE PRICE
Price type code INR
Price amount 1.00
Currency code Rupaye
942 ## - ADDED ENTRY ELEMENTS (KOHA)
Koha item type Donated Book

No items available.